DRUG DELIVERY SYSTEM OF DICLOFENAC SODIUM AND ITS APPLICATIONS IN THE TREATMENT OF INFLAMMATION AND EDEMA / (Record no. 529380)
[ view plain ]
| 000 -LEADER | |
|---|---|
| fixed length control field | 00616nam a22001697a 4500 |
| 020 ## - INTERNATIONAL STANDARD BOOK NUMBER | |
| Qualifying information | Hard Cover. |
| 082 ## - DEWEY DECIMAL CLASSIFICATION NUMBER | |
| Classification number | 610.28 |
| 100 ## - MAIN ENTRY--PERSONAL NAME | |
| Personal name | Tahir, Rabbiya |
| 245 ## - TITLE STATEMENT | |
| Title | DRUG DELIVERY SYSTEM OF DICLOFENAC SODIUM AND ITS APPLICATIONS IN THE TREATMENT OF INFLAMMATION AND EDEMA / |
| Statement of responsibility, etc. | Rabbiya Tahir. |
| 260 ## - PUBLICATION, DISTRIBUTION, ETC. | |
| Place of publication, distribution, etc. | Islamabad: |
| Name of publisher, distributor, etc. | SMME - NUST. |
| Date of publication, distribution, etc. | 2017. |
| 300 ## - PHYSICAL DESCRIPTION | |
| Extent | 37 p.: ill.; |
| Dimensions | 30cm. |
| 650 ## - SUBJECT ADDED ENTRY--TOPICAL TERM | |
| Topical term or geographic name entry element | Bio Medical Engineering MS-Thesis. |
| 700 ## - ADDED ENTRY--PERSONAL NAME | |
| Personal name | Dr. Nosheen FAtima |
| 856 ## - Uniform Resource Identifier | |
| Uniform Resource Identifier | <a href="http://10.250.8.41:8080/xmlui/handle/123456789/6751">http://10.250.8.41:8080/xmlui/handle/123456789/6751</a> |
| 942 ## - ADDED ENTRY ELEMENTS (KOHA) | |
| Source of classification or shelving scheme | |
| Koha item type | Thesis |
| 650 ## - SUBJECT ADDED ENTRY--TOPICAL TERM | |
| -- | 16123 |
| 700 ## - ADDED ENTRY--PERSONAL NAME | |
| -- | 16094 |
| Withdrawn status | Lost status | Source of classification or shelving scheme | Damaged status | Not for loan | Permanent Location | Current Location | Shelving location | Date acquired | Full call number | Barcode | Date last seen | Price effective from | Non-public note | Koha item type |
|---|---|---|---|---|---|---|---|---|---|---|---|---|---|---|
| Central Library (CL) | Central Library (CL) | Thesis | 09/25/2019 | 610.28 | CL-T-1553 | 09/25/2019 | 09/25/2019 | Minute Sheet No. 0929/02/CL/Survey/5 dated 23rd April 2024 E-MIN ID 114741 | Thesis |
